Electronic circuits - II (Record no. 136304)

000 -LEADER
fixed length control field 00236nam a2200097Ia 4500
008 - FIXED-LENGTH DATA ELEMENTS--GENERAL INFORMATION
fixed length control field 220120s9999||||xx |||||||||||||| ||und||
082 ## - DEWEY DECIMAL CLASSIFICATION NUMBER
Classification number 621.382 YOG
100 ## - MAIN ENTRY--PERSONAL NAME
Personal name Yoganarashimhan
9 (RLIN) 11392
245 #0 - TITLE STATEMENT
Title Electronic circuits - II
300 ## - PHYSICAL DESCRIPTION
Other physical details 0
Holdings
Withdrawn status Lost status Damaged status Not for loan Collection code Home library Current library Date acquired Barcode Date last seen Price effective from Koha item type
        Humanity Science Central Library Central Library 01/20/2022 GF163 01/20/2022 01/20/2022 Gift Books

Powered by Koha